000 00372nam a2200133Ia 4500
008 100328s9999 xx 000 0 und d
082 _b11453
100 _aढसाळ नामदेव लक्ष्मण
245 _aगोलपिठा
260 _bआरााना
630 _aगोलपिठा
730 _aगोलपिठा
942 _cBOOK
999 _c506774
_d506771